| 000 | 00735pam a2200265 a 4500 | ||
|---|---|---|---|
| 008 | |||
| 020 | _a0133945944(pbk.) | ||
| 040 |
_aMAIN _cNUST _c(31866) |
||
| 050 | 0 | 0 |
_aQP187 _bHAD |
| 100 | 1 | _aHadley, Mac E. | |
| 245 | 1 | 0 |
_aEndocrinology / _cMac E. Hadley. |
| 250 | _a4th ed. | ||
| 260 |
_aEnglewood Cliffs, N.J. : _bPrentice Hall, _cc1992. |
||
| 300 |
_axxi, 518 p. : _bill. ; _c28 cm. |
||
| 504 | _aIncludes bibliographical references. | ||
| 500 | _aIncludes Index. | ||
| 650 | 0 | _aEndocrinology. | |
| 650 | 2 | _aEndocrinology. | |
| 650 | 2 | _aNeurophysiology. | |
| 907 |
_a.b10255734 _b16-08-11 _c14-05-08 |
||
| 003 | |||
| 005 | 20230123124910.0 | ||
| 049 | _aMAIN | ||
| 942 | _cBOOKS | ||
| 999 |
_c132212 _d132212 |
||